| 000 | 01078nam a2200241Ia 4500 | ||
|---|---|---|---|
| 999 |
_c54571 _d54571 |
||
| 001 | 21637 | ||
| 003 | GE_BSU | ||
| 005 | 20211206175416.0 | ||
| 008 | 181216s1974||||ge |||||||||||||| ||geo|| | ||
| 040 | _cGE_BSU | ||
| 041 | _ageo | ||
| 080 | _a811.353.1-8(076.5) კ-49 | ||
| 100 |
_aკიზირია, ანტონ _97225 |
||
| 245 |
_aქართული ენა : პრაქტიკუმი : _bდამხმ. სახელმძღვ. პედ. ინ-ტების სტუდენტებისათვის / _cანტონ კიზირია ; რედ. ე. პოლოლიკაშვილი. |
||
| 250 | _aმე-4 შევსებული გამოცემა | ||
| 264 |
_aთბილისი : _bგანათლება, _c1974. |
||
| 300 |
_a276 გვ. ; _c 21სმ. |
||
| 541 | _h1ლ. 94თ. | ||
| 653 | _aპრაქტიკუმი | ||
| 653 | _aქართული ენა | ||
| 700 |
_aპოლოლიკაშვილი, ე. _eრედაქტორი _913185 |
||
| 942 |
_cBK _2udc |
||